00880nam a22002177a 450000500170000001000150001702000270003203500140005903700090007308200140008210000290009624501210012525000060024626000350025227001050028730000210039270000410041394200280045499900190048295201610050120251121150208.0 aENG-147107 a9789385696744c1050.00 aEN-130639 bDBAD 21a883.08 aKuthiala, Kishore985722 aJornalism of Ethics & Values Shayam Khosla:bA Collection of Writings/cKishore Kuthiala [and] Amarendra kumar Aarya a1 aDelhibYash Publicationsc2022 a1/10753,Subhash Park,Naveen ShahdarabDelhie110032k919599483885868788minfo@yashpublications.co.in a374p.c22c.m(Hb) aAmarendra kumar AaryaeAuthor985723 2ddccENe1mKUTh883.08 c213801d213801 001040718NFICaDBADbDBADd2025-11-21eDelivery of Books Act Divisiong1050.00l0oKUT 883.08pEN-130639r2025-11-21 00:00:00t1v1050.00w2025-11-21yEN